<?xml version="1.0" encoding="UTF-8"?>
<collection xmlns="http://www.loc.gov/MARC21/slim">
 <record>
  <leader>00976pam a22002178a 4500</leader>
  <controlfield tag="001">00000950</controlfield>
  <controlfield tag="005">20171026081022.0</controlfield>
  <controlfield tag="008">110324s2001                  ||||||Viesd</controlfield>
  <datafield tag="020" ind1=" " ind2=" ">
   <subfield code="c">24000</subfield>
  </datafield>
  <datafield tag="041" ind1="0" ind2="#">
   <subfield code="a">Vie</subfield>
  </datafield>
  <datafield tag="082" ind1="1" ind2="4">
   <subfield code="a">658.1</subfield>
   <subfield code="b">S109NH</subfield>
  </datafield>
  <datafield tag="110" ind1="1" ind2="#">
   <subfield code="a">Viện thông tin khoa học xã hội</subfield>
   <subfield code="b">Trung tâm khoa học xã hội và nhân văn quốc gia</subfield>
  </datafield>
  <datafield tag="245" ind1="0" ind2="0">
   <subfield code="a">Sáp nhập một xu thế phổ biến trong điều kiện cạnh tranh hiện nay</subfield>
  </datafield>
  <datafield tag="260" ind1="#" ind2="#">
   <subfield code="a">H.</subfield>
   <subfield code="b">Thông tin khoa học xã hội chuyên đề</subfield>
   <subfield code="c">2001</subfield>
  </datafield>
  <datafield tag="300" ind1="#" ind2="#">
   <subfield code="a">232 tr.</subfield>
   <subfield code="c">20 cm.</subfield>
  </datafield>
  <datafield tag="653" ind1="#" ind2="#">
   <subfield code="a">Sáp nhập</subfield>
   <subfield code="a">Doanh nghiệp</subfield>
   <subfield code="a">Quản lý</subfield>
   <subfield code="a">Mua bán</subfield>
   <subfield code="a">Thị trường</subfield>
  </datafield>
  <datafield tag="852" ind1="#" ind2="#">
   <subfield code="b">Kho mượn</subfield>
   <subfield code="j">KM.0001088, KM.0001089, KM.0012084, KM.0012083</subfield>
  </datafield>
  <datafield tag="852" ind1="#" ind2="#">
   <subfield code="b">Kho đọc</subfield>
   <subfield code="j">KD.0000613</subfield>
  </datafield>
  <datafield tag="852" ind1="#" ind2="#">
   <subfield code="j">KD.0000613</subfield>
   <subfield code="j">KM.0001088</subfield>
   <subfield code="j">KM.0001089</subfield>
   <subfield code="j">KM.0012084</subfield>
   <subfield code="j">KM.0012083</subfield>
  </datafield>
  <datafield tag="910" ind1=" " ind2=" ">
   <subfield code="d">24/03/2011</subfield>
  </datafield>
  <datafield tag="980" ind1="#" ind2="#">
   <subfield code="a">Trung tâm Học liệu Lê Vũ Hùng, Trường Đại học Đồng Tháp</subfield>
  </datafield>
 </record>
</collection>
